00216nam a2200073Ia 4500008004100000082000800041100002200049245007100071240331s9999 xx 000 0 und d bWOM aMahadevan, K.. ed 0aWomen and population dynamics :bperspectives from Asian countries